00855 2200289 4500001002100000005001700021008004100038020002200079035002500101040001200126082001600138084001800154100002300172245012000195250001100315260003200326300002300358500001100381504003100392650002100423700002900444700002600473850001200499990001800511990001800529990001800547INLIS00000000000558620150804093936.0  a978-602-18895-2-7 a0010-051500000000719 aYOPDYOG 223a370.114 a370.114 Muh P aMUHAMMAD Fadlillah aPendidikan karakter anak usia dinic/ Muhammad Fadlillah dan Lalif Mualifatu Khorida; Editor, Rose Kusumaning Ratri aCet. 1 aSlemanbAr-Ruzz Mediac2013 a220 hlm.c; 21 cm. aIndeks aBibliografi : hlm. 207-212 aPendidikan Moral aLILIF Mualifatun Khorida aROSE Kusumaning Ratri aYOPDYOG a12999-PD/B.15 a13000-PD/B.15 a13001-PD/B.15